LEADER 01007nam0 2200265 450 001 000019020 005 20081107131100.0 100 $a20081107d1980----km-y0itay50------ba 101 0 $aita 102 $aIT 105 $ay-------001yy 200 1 $a<>problematica del lavoro giovanile e sue prospettive negli anni '80$erapporto su una ricerca affidata al Ceres nell'ambito dell'accordo ENI-OO.SS. del 1978$fLuigi Frey 210 $aMilano$cFranco Angeli$dc1980 215 $a211 p.$d22 cm 225 2 $aDocumenti ISVET$v56 410 0$12001$aDocumenti ISVET 500 10$a<>problematica del lavoro giovanile e sue prospettive negli anni '80$932717 610 1 $aGiovani$aOccupazione 676 $a331.13$v18$9Occupazione e disoccupazione 700 1$aFrey,$bLuigi$0318236 801 0$aIT$bUNIPARTHENOPE$c20081107$gRICA$2UNIMARC 912 $a000019020 951 $a824/28$b5615$cNAVA2 996 $aProblematica del lavoro giovanile e sue prospettive negli anni '80$932717 997 $aUNIPARTHENOPE LEADER 01850oam 2200529M 450 001 9910716500603321 005 20200213070903.6 035 $a(CKB)5470000002521134 035 $a(OCoLC)1065594068 035 $a(OCoLC)995470000002521134 035 $a(EXLCZ)995470000002521134 100 $a20071213d1927 ua 0 101 0 $aeng 135 $aurcn||||||||| 181 $ctxt$2rdacontent 182 $cc$2rdamedia 183 $acr$2rdacarrier 200 10$aRequest for certain information from the Treasury Department. January 6, 1927. -- Ordered to be printed 210 1$a[Washington, D.C.] :$c[U.S. Government Printing Office],$d1927. 215 $a1 online resource (2 pages) 225 1 $aHouse report / 69th Congress, 2nd session. House ;$vno. 1690 225 1 $a[United States congressional serial set] ;$v[serial no. 8690] 300 $aBatch processed record: Metadata reviewed, not verified. Some fields updated by batch processes. 300 $aFDLP item number not assigned. 606 $aAdministrative law 606 $aAlcoholic beverages 606 $aGovernment publications$zUnited States 606 $aFederal government 606 $aPoisons 606 $aPoisoning 606 $aProsecution 608 $aLegislative materials.$2lcgft 615 0$aAdministrative law. 615 0$aAlcoholic beverages. 615 0$aGovernment publications 615 0$aFederal government. 615 0$aPoisons. 615 0$aPoisoning. 615 0$aProsecution. 701 $aGraham$b George Scott$f1850-1931.$pRepublican (PA)$01386798 801 0$bWYU 801 1$bWYU 801 2$bOCLCO 906 $aBOOK 912 $a9910716500603321 996 $aRequest for certain information from the Treasury Department. January 6, 1927. -- Ordered to be printed$93494299 997 $aUNINA LEADER 02630nam 22004573 450 001 9910838353403321 005 20230823200926.0 010 $a1-62705-550-9 035 $a(CKB)4330000000041162 035 $a(MiAaPQ)EBC7020673 035 $a(Au-PeEL)EBL7020673 035 $a(OCoLC)1333081554 035 $a(BIP)054517828 035 $a(EXLCZ)994330000000041162 100 $a20230823d2015 uy 0 101 0 $aeng 135 $aurcnu|||||||| 181 $ctxt$2rdacontent 182 $cc$2rdamedia 183 $acr$2rdacarrier 200 10$aSmarter Than Their Machines $eOral Histories of Pioneers in Interactive Computing 205 $a1st ed. 210 1$aSan Rafael :$cMorgan & Claypool Publishers,$d2015. 210 4$dİ2015. 215 $a1 online resource (218 pages) 225 1 $aACM Bks. 330 $aSmarter Than Their Machines: Oral Histories of the Pioneers of Interactive Computing is based on oral histories archived at the Charles Babbage Institute, University of Minnesota. Included are the oral histories of some key pioneers of the computer industry selected by John that led to interactive computing, such as Richard Bloch, Gene Amdahl, Herbert W. Robinson, Sam Wyly, J.C.R. Licklider, Ivan Sutherland, Larry Roberts, Robert Kahn, Marvin Minsky, Michael Dertouzos, and Joseph Traub, as well as his own. John has woven them together via introductions that is, in essence, a personal walk down the computer industry road. John had the unique advantage of having been part of, or witness to, much of the history contained in these oral histories beginning as a co-op student at Arthur D. Little, Inc., in the 1950's. Eventually, he would become a pioneer in his own right by creating the computer industry's first successful software products company (Cullinane Corporation). However, an added benefit of reading these oral histories is that they contain important messages for our leaders of today, at all levels, including that government, industry, and academia can accomplish great things when working together in an effective way. This is how the computer industry was created, which then led to the Internet, both totally unanticipated just 75 years ago. 410 0$aACM Bks. 517 $aSmarter Than Their Machines 606 $aComputer scientists 610 $aComputer Scientists 615 0$aComputer scientists. 676 $a004.0922 700 $aCullinane$b John$01731702 801 0$bMiAaPQ 801 1$bMiAaPQ 801 2$bMiAaPQ 906 $aBOOK 912 $a9910838353403321 996 $aSmarter Than Their Machines$94144805 997 $aUNINA